Loading...
| Current Events | 4 | 17.50 | 100% | 75% | 0% |
| Fine Arts - Classical Music | 6 | 15.00 | 100% | 50% | 0% |
| Fine Arts - Other | 4 | 22.50 | 100% | 100% | 25% |
| Fine Arts - Painting and Sculpture | 5 | 14.00 | 100% | 40% | 0% |
| Geography | 4 | 17.50 | 100% | 50% | 25% |
| History - American | 6 | 13.33 | 100% | 33% | 0% |
| History - European | 5 | 20.00 | 100% | 60% | 40% |
| History - Other | 8 | 17.50 | 100% | 75% | 0% |
| History - World | 7 | 14.29 | 86% | 43% | 14% |
| Literature - American | 8 | 18.75 | 100% | 75% | 13% |
| Literature - British | 6 | 13.33 | 100% | 33% | 0% |
| Literature - European | 5 | 18.00 | 100% | 80% | 0% |
| Literature - World | 4 | 20.00 | 100% | 75% | 25% |
| Mythology | 3 | 20.00 | 100% | 67% | 33% |
| Philosophy | 4 | 17.50 | 100% | 75% | 0% |
| Popular Culture | 2 | 30.00 | 100% | 100% | 100% |
| Religion | 6 | 15.00 | 83% | 50% | 17% |
| Science - Biology | 4 | 22.50 | 100% | 75% | 50% |
| Science - Chemistry | 6 | 20.00 | 100% | 83% | 17% |
| Science - Other | 7 | 21.43 | 100% | 100% | 14% |
| Science - Physics | 6 | 15.00 | 100% | 33% | 17% |
| Social Science | 7 | 20.00 | 100% | 57% | 43% |